[Event "Landesliga Nord U20 1819"]
[Site "Bayern"]
[Date "2019.01.26"]
[Round "4.4"]
[White "Goderbauer, Lukas"]
[Black "Vemmer, Julian"]
[Result "1-0"]
[WhiteElo "1631"]
[BlackElo "784"]
[PlyCount "73"]
[EventDate "2018.11.17"]
[EventType "team-tourn"]
[EventRounds "7"]
[EventCountry "GER"]
[SourceTitle "EXT 2022"]
[Source "ChessBase"]
[SourceDate "2021.10.06"]
[SourceVersion "1"]
[SourceVersionDate "2021.10.06"]
[SourceQuality "1"]
[WhiteTeam "Moosburg SC U20"]
[BlackTeam "Jaecklechemie SC U20"]
[WhiteTeamCountry "GER"]
[BlackTeamCountry "GER"]

1. e4 e5 2. Nf3 Nc6 3. Bb5 Bc5 4. d3 Nf6 5. Bxc6 dxc6 6. Nxe5 Qd6 7. Nf3 Bg4 8. Nc3 0-0-0 9. 0-0 Rdg8 10. e5 Qe6 11. exf6 Qxf6 12. Ne4 Qe7 13. Nxc5 Qxc5 14. Be3 Qe7 15. Re1 Qd7 16. Bd2 h6 17. Re3 Be6 18. Ne5 Qe7 19. Bc3 f6 20. Ng6 Qc5 21. Nxh8 Rxh8 22. Rxe6 Rg8 23. Qg4 Kb8 24. Qxg7 Rc8 25. Rae1 a6 26. Qxf6 Rf8 27. Qxf8+ Qxf8 28. Re8+ Qxe8 29. Rxe8+ Ka7 30. f4 h5 31. f5 h4 32. f6 h3 33. f7 Kb6 34. f8Q hxg2 35. Bd4+ Ka5 36. Qa3+ Kb5 37. c4# 1-0